000
00312nam a22001337a 4500
020
_a
9789332555235
082
_a
629.895 SCH
100
_a
Robert J. Schilling
245
_a
Fundamentals of robotics analysis and control
260
_a
Delhi
_b
Pearson
_c
2015
300
_a
425p.
650
_a
Robotics
942
_c
BK
999
_c
13735
_d
13735